书目信息 |
| 题名: |
反射棱镜
|
|
| 作者: | 汤白义 著 | |
| 分册: | ||
| 出版信息: | 北京 国防工业出版社 1981.7 |
|
| 页数: | 233页 | |
| 开本: | 20cm | |
| 丛书名: | ||
| 单 册: | ||
| 中图分类: | TH74 | |
| 科图分类: | ||
| 主题词: | 光学仪器 | |
| 电子资源: | ||
| ISBN: | ||
| 000 | 00478nam0 2200181 45 | |
| 001 | 0312221749 | |
| 005 | 20060417162558.56 | |
| 010 | @dCNY1.40 | |
| 100 | @a20031222d1981 km y0chiy0120 ea | |
| 101 | @achi | |
| 200 | 1 | @a反射棱镜@AFan She Leng Jing@f汤白义著@FTang Bai Yi Zhu |
| 210 | @a北京@c国防工业出版社@d1981.7 | |
| 215 | @a233页@d20cm | |
| 606 | 0 | @a光学仪器 |
| 690 | @aTH74@v3 | |
| 701 | 0 | @a汤白义@Atang bai yi@4著 |
| 801 | @aCN@bTSTCL@c20060417 | |
| 905 | @a213230@dTH74@e10 | |
| 反射棱镜/汤白义著.-北京:国防工业出版社,1981.7 |
| 233页;20cm |
| ISBN :CNY1.40 |
| ● |
| 相关链接 |
|
|
|
|
正题名:反射棱镜
索取号:TH74/10
 
预约/预借
| 序号 | 登录号 | 条形码 | 馆藏地/架位号 | 状态 | 备注 |
| 1 | 0063379 | 001365329 | 密集书库/ [索取号:TH74/10] | 在馆 | |
| 2 | 0063380 | 001365800 | 密集书库/ [索取号:TH74/10] | 在馆 | |
| 3 | 0063381 | 001365365 | 密集书库/ [索取号:TH74/10] | 在馆 |